[Event "2024 National Middle School Championship"]
[Site "Atlanta, Georgia, United States"]
[Date "2024.05.10"]
[Round "1.6"]
[White "Bharath, Adhrit"]
[Black "Cherukuri, Nitesh"]
[Result "0-1"]
[TimeControl "G/90;d10"]
[WhiteElo "1730"]
[BlackElo "2208"]

1. d4 {[%clk 01:30:00]} {[%emt 00:00:01]} Nf6 {[%clk 01:29:44]} {[%emt
00:00:27]} 2. Bf4 {[%clk 01:30:00]} {[%emt 00:00:04]} d5 {[%clk 01:29:37]}
{[%emt 00:00:17]} 3. e3 {[%clk 01:30:00]} {[%emt 00:00:03]} g6 {[%clk
01:29:37]} {[%emt 00:00:10]} 4. Nc3 {[%clk 01:30:00]} {[%emt 00:00:06]} Bg7
{[%clk 01:29:34]} {[%emt 00:00:13]} 5. h4 {[%clk 01:30:00]} {[%emt 00:00:05]}
h5 {[%clk 01:28:09]} {[%emt 00:01:35]} 6. Nf3 {[%clk 01:30:00]} {[%emt
00:00:04]} O-O {[%clk 01:25:20]} {[%emt 00:02:58]} 7. Ne5 {[%clk 01:30:00]}
{[%emt 00:00:08]} b6 {[%clk 01:21:24]} {[%emt 00:04:06]} 8. f3 {[%clk
01:29:23]} {[%emt 00:00:46]} c5 {[%clk 01:19:47]} {[%emt 00:01:49]} 9. Qd2
{[%clk 01:26:10]} {[%emt 00:03:22]} Bb7 {[%clk 01:18:23]} {[%emt 00:01:35]} 10.
O-O-O {[%clk 01:24:40]} {[%emt 00:01:40]} Nc6 {[%clk 01:16:28]} {[%emt
00:02:05]} 11. Be2 {[%clk 01:21:46]} {[%emt 00:03:03]} e6 {[%clk 01:13:35]}
{[%emt 00:03:04]} 12. g4 {[%clk 01:15:33]} {[%emt 00:06:22]} a6 {[%clk
01:01:36]} {[%emt 00:12:10]} 13. Bg5 {[%clk 01:13:18]} {[%emt 00:02:25]} Qd6
{[%clk 00:54:55]} {[%emt 00:06:51]} 14. Bxf6 {[%clk 01:04:07]} {[%emt
00:09:20]} Bxf6 {[%clk 00:54:25]} {[%emt 00:00:40]} 15. f4 {[%clk 00:56:00]}
{[%emt 00:08:17]} hxg4 {[%clk 00:52:58]} {[%emt 00:01:38]} 16. Bxg4 {[%clk
00:55:15]} {[%emt 00:00:55]} cxd4 {[%clk 00:50:13]} {[%emt 00:02:56]} 17. exd4
{[%emt 00:00:17]} Kg7 {[%emt 00:00:46]} 18. h5 {[%emt 00:06:43]} Rh8 {[%clk
00:47:39]} {[%emt 00:01:33]} 19. hxg6 {[%clk 00:47:37]} {[%emt 00:01:22]} fxg6
{[%clk 00:47:34]} {[%emt 00:00:15]} 20. Qd3 {[%clk 00:42:51]} {[%emt 00:04:55]}
Bxe5 {[%clk 00:45:37]} {[%emt 00:02:08]} 21. fxe5 {[%clk 00:42:38]} {[%emt
00:00:23]} Qe7 {[%clk 00:45:03]} {[%emt 00:00:44]} 22. Qe3 {[%clk 00:40:04]}
{[%emt 00:02:43]} Raf8 {[%clk 00:42:25]} {[%emt 00:02:49]} 23. a3 {[%clk
00:38:26]} {[%emt 00:01:48]} Bc8 {[%clk 00:39:25]} {[%emt 00:03:10]} 24. Na4
{[%clk 00:33:19]} {[%emt 00:05:17]} Qd8 {[%clk 00:30:30]} {[%emt 00:09:06]} 25.
Rdg1 {[%clk 00:30:46]} {[%emt 00:02:41]} Bd7 {[%clk 00:25:17]} {[%emt
00:05:25]} 26. Nc3 {[%clk 00:29:49]} {[%emt 00:01:06]} Rxh1 {[%clk 00:20:44]}
{[%emt 00:04:42]} 27. Rxh1 {[%clk 00:29:49]} {[%emt 00:00:06]} Rh8 {[%clk
00:20:28]} {[%emt 00:00:26]} 28. Rg1 {[%clk 00:29:23]} {[%emt 00:00:36]} Rh2
{[%clk 00:10:52]} {[%emt 00:09:47]} 29. Qf4 {[%clk 00:18:46]} {[%emt 00:10:44]}
Rh4 {[%clk 00:09:41]} {[%emt 00:01:24]} 30. Ne2 {[%clk 00:17:40]} {[%emt
00:01:15]} Qe7 {[%clk 00:06:22]} {[%emt 00:03:30]} 31. Qg3 {[%clk 00:16:26]}
{[%emt 00:01:21]} Qg5+ {[%clk 00:06:00]} {[%emt 00:00:36]} 32. Kb1 {[%clk
00:16:11]} {[%emt 00:00:25]} Rh6 {[%clk 00:05:23]} {[%emt 00:00:46]} 33. c3
{[%clk 00:15:42]} {[%emt 00:00:39]} Ne7 {[%clk 00:05:12]} {[%emt 00:00:20]} 34.
Nf4 {[%emt 00:00:58]} Nf5 {[%clk 00:05:01]} {[%emt 00:00:19]} 35. Qf2 {[%clk
00:14:08]} {[%emt 00:00:59]} Rh4 {[%clk 00:04:56]} {[%emt 00:00:16]} 36. Qf3
{[%clk 00:12:01]} {[%emt 00:02:17]} Rh2 {[%clk 00:04:55]} {[%emt 00:00:10]} 37.
Qf1 {[%clk 00:03:44]} {[%emt 00:08:27]} Rh4 {[%clk 00:03:54]} {[%emt 00:01:11]}
38. Qf3 {[%clk 00:03:04]} {[%emt 00:00:50]} Rh2 {[%clk 00:03:26]} {[%emt
00:00:38]} 39. Qf1 {[%clk 00:02:06]} {[%emt 00:01:08]} Kh6 {[%clk 00:03:21]}
{[%emt 00:00:16]} 40. Bxf5 {[%clk 00:01:53]} {[%emt 00:00:23]} Qxf5+ {[%clk
00:03:21]} {[%emt 00:00:06]} 41. Ka2 {[%clk 00:01:41]} {[%emt 00:00:22]} Bb5
{[%clk 00:02:58]} {[%emt 00:00:33]} 42. Qc1 {[%clk 00:01:20]} {[%emt 00:00:31]}
Bc4+ {[%clk 00:02:22]} {[%emt 00:00:46]} 43. Ka1 {[%clk 00:01:20]} Kh7 {[%clk
00:01:15]} {[%emt 00:01:17]} 44. Rxg6 {[%clk 00:00:29]} {[%emt 00:01:02]} Qxf4
{[%clk 00:01:03]} {[%emt 00:00:22]} 45. Qg1 {[%clk 00:00:24]} {[%emt 00:00:14]}
Qf1+ {[%clk 00:00:41]} {[%emt 00:00:32]} 46. Qxf1 {[%clk 00:00:24]} {[%emt
00:00:05]} Bxf1 {[%clk 00:00:41]} 47. Rxe6 {[%clk 00:00:24]} {[%emt 00:00:02]}
Bc4 {[%clk 00:00:38]} {[%emt 00:00:13]} 48. b3 {[%clk 00:00:18]} {[%emt
00:00:15]} Bxb3 {[%clk 00:00:33]} {[%emt 00:00:15]} 49. Rxb6 {[%clk 00:00:18]}
{[%emt 00:00:02]} Bc4 {[%clk 00:00:33]} {[%emt 00:00:06]} 50. Rb7+ {[%clk
00:00:16]} {[%emt 00:00:12]} Kg8 {[%clk 00:00:28]} {[%emt 00:00:15]} 51. Kb1
{[%clk 00:00:03]} {[%emt 00:00:23]} Ra2 {[%clk 00:00:14]} {[%emt 00:00:24]} 52.
Ra7 {[%clk 00:00:03]} {[%emt 00:00:08]} Rxa3 {[%clk 00:00:14]} {[%emt
00:00:06]} 53. Kb2 {[%clk 00:00:03]} Ra2+ {[%clk 00:00:13]} {[%emt 00:00:11]}
54. Kc1 {[%clk 00:00:03]} {[%emt 00:00:02]} Kf8 {[%clk 00:00:13]} {[%emt
00:00:06]} 55. Rc7 {[%clk 00:00:03]} {[%emt 00:00:07]} Rh2 {[%clk 00:00:13]}
{[%emt 00:00:10]} 56. Ra7 {[%clk 00:00:03]} {[%emt 00:00:05]} Bd3 {[%clk
00:00:13]} {[%emt 00:00:10]} 57. Rc7 {[%clk 00:00:03]} {[%emt 00:00:05]} a5
{[%clk 00:00:13]} {[%emt 00:00:11]} 58. Ra7 {[%clk 00:00:03]} {[%emt 00:00:09]}
Ra2 {[%clk 00:00:13]} {[%emt 00:00:07]} 59. Kd1 {[%clk 00:00:02]} {[%emt
00:00:11]} a4 {[%clk 00:00:13]} {[%emt 00:00:07]} 60. Kc1 {[%clk 00:00:02]}
{[%emt 00:00:04]} a3 {[%clk 00:00:13]} {[%emt 00:00:04]} 61. e6 {[%clk
00:00:02]} {[%emt 00:00:09]} Rc2+ {[%clk 00:00:13]} {[%emt 00:00:10]} 62. Kb1
{[%clk 00:00:02]} {[%emt 00:00:06]} Rxc3+ {[%clk 00:00:13]} {[%emt 00:00:03]}
63. Ka2 {[%clk 00:00:02]} {[%emt 00:00:05]} Bc4+ {[%clk 00:00:13]} {[%emt
00:00:02]} 64. Ka1 {[%clk 00:00:02]} {[%emt 00:00:02]} Rc1# {[%clk 00:00:13]}
{[%emt 00:00:37]} 0-1

[Event "2024 National Middle School Championship"]
[Site "Atlanta, Georgia, United States"]
[Date "2024.05.10"]
[Round "1.7"]
[White "Singh, Siddharth"]
[Black "Cameron, Kyle Stephen"]
[Result "1-0"]
[TimeControl "G/90;d10"]
[WhiteElo "2204"]
[BlackElo "1730"]

1. e4 {[%clk 01:30:00]} {[%emt 00:00:04]} e5 {[%clk 01:30:00]} {[%emt
00:00:08]} 2. Nf3 {[%clk 01:30:00]} {[%emt 00:00:06]} Nc6 {[%clk 01:30:00]}
{[%emt 00:00:03]} 3. Bb5 {[%clk 01:30:00]} {[%emt 00:00:08]} a6 {[%clk
01:30:00]} {[%emt 00:00:08]} 4. Ba4 {[%clk 01:30:00]} {[%emt 00:00:06]} d6
{[%clk 01:30:00]} {[%emt 00:00:10]} 5. Bxc6+ {[%clk 01:29:36]} {[%emt
00:00:35]} bxc6 {[%clk 01:29:45]} {[%emt 00:00:25]} 6. d4 {[%clk 01:29:36]}
{[%emt 00:00:07]} exd4 {[%clk 01:24:41]} {[%emt 00:05:15]} 7. Nxd4 {[%clk
01:28:19]} {[%emt 00:01:25]} Bd7 {[%clk 01:21:13]} {[%emt 00:03:39]} 8. O-O
{[%clk 01:26:23]} {[%emt 00:02:05]} Nf6 {[%clk 01:18:02]} {[%emt 00:03:22]} 9.
Re1 {[%clk 01:26:21]} {[%emt 00:00:13]} Be7 {[%clk 01:16:54]} {[%emt 00:01:18]}
10. Nc3 {[%clk 01:23:47]} {[%emt 00:02:44]} O-O {[%clk 01:14:35]} {[%emt
00:02:29]} 11. Qf3 {[%clk 01:22:28]} {[%emt 00:01:29]} Ng4 {[%clk 00:55:53]}
{[%emt 00:18:52]} 12. Nxc6 {[%clk 01:20:14]} {[%emt 00:02:24]} Bxc6 {[%clk
00:55:49]} {[%emt 00:00:15]} 13. Qxg4 {[%clk 01:20:14]} {[%emt 00:00:07]} Bf6
{[%clk 00:55:27]} {[%emt 00:00:32]} 14. Bd2 {[%clk 01:18:05]} {[%emt 00:02:18]}
Rb8 {[%clk 00:53:55]} {[%emt 00:01:42]} 15. b3 {[%clk 01:10:17]} {[%emt
00:07:59]} Re8 {[%clk 00:47:43]} {[%emt 00:06:22]} 16. Rad1 {[%clk 01:07:14]}
{[%emt 00:03:12]} Bd7 {[%clk 00:45:45]} {[%emt 00:02:08]} 17. Qf3 {[%clk
01:07:00]} {[%emt 00:00:25]} Re6 {[%clk 00:39:44]} {[%emt 00:06:11]} 18. Nd5
{[%clk 01:05:12]} {[%emt 00:01:58]} Be5 {[%clk 00:38:36]} {[%emt 00:01:18]} 19.
Bf4 {[%clk 00:58:50]} {[%emt 00:06:32]} c6 {[%clk 00:32:44]} {[%emt 00:06:01]}
20. Ne3 {[%clk 00:47:30]} {[%emt 00:11:29]} Bxf4 {[%clk 00:24:41]} {[%emt
00:08:14]} 21. Qxf4 {[%clk 00:47:30]} {[%emt 00:00:07]} Rf6 {[%clk 00:24:15]}
{[%emt 00:00:35]} 22. Nf5 {[%clk 00:47:28]} {[%emt 00:00:12]} Bxf5 {[%clk
00:21:34]} {[%emt 00:02:51]} 23. exf5 {[%emt 00:02:31]} Rb5 {[%clk 00:18:26]}
{[%emt 00:00:50]} 24. Qe4 {[%clk 00:45:39]} {[%emt 00:02:00]} h6 {[%clk
00:15:20]} {[%emt 00:03:15]} 25. Qxc6 {[%clk 00:45:27]} {[%emt 00:00:22]} Qa5
{[%clk 00:13:20]} {[%emt 00:02:10]} 26. Re8+ {[%clk 00:39:41]} {[%emt
00:05:55]} Kh7 {[%clk 00:13:17]} {[%emt 00:00:12]} 27. g4 {[%clk 00:39:41]}
{[%emt 00:00:04]} Qb4 {[%clk 00:11:23]} {[%emt 00:02:04]} 28. c4 {[%clk
00:37:54]} {[%emt 00:01:57]} Re5 {[%clk 00:08:57]} {[%emt 00:02:36]} 29. Rxe5
{[%clk 00:32:48]} {[%emt 00:05:17]} dxe5 {[%clk 00:08:57]} {[%emt 00:00:08]} 30.
Qe4 {[%clk 00:32:48]} {[%emt 00:00:05]} Qa5 {[%clk 00:07:54]} {[%emt 00:01:08]}
31. Qe2 {[%clk 00:32:26]} {[%emt 00:00:37]} Qc3 {[%clk 00:06:53]} {[%emt
00:01:11]} 32. Rd5 {[%clk 00:30:03]} {[%emt 00:02:33]} Qc1+ {[%clk 00:06:12]}
{[%emt 00:00:51]} 33. Kg2 {[%clk 00:29:56]} {[%emt 00:00:17]} Qg5 {[%clk
00:06:12]} {[%emt 00:00:05]} 34. Rxe5 {[%clk 00:29:32]} {[%emt 00:00:35]} h5
{[%clk 00:06:00]} {[%emt 00:00:21]} 35. h3 {[%clk 00:29:31]} {[%emt 00:00:12]}
Kh8 {[%clk 00:03:43]} {[%emt 00:02:26]} 36. Qe3 {[%clk 00:28:26]} {[%emt
00:01:15]} Qh4 {[%clk 00:03:18]} {[%emt 00:00:34]} 37. Qg3 {[%clk 00:28:26]}
{[%emt 00:00:05]} Qg5 {[%clk 00:03:17]} {[%emt 00:00:11]} 38. f4 {[%clk
00:28:26]} {[%emt 00:00:05]} Qh6 {[%clk 00:03:14]} {[%emt 00:00:12]} 39. Re8+
{[%clk 00:28:26]} {[%emt 00:00:05]} Kh7 {[%clk 00:03:11]} {[%emt 00:00:12]} 40.
g5 {[%clk 00:28:26]} {[%emt 00:00:05]} Rg6 {[%clk 00:03:06]} {[%emt 00:00:15]}
41. gxh6 {[%clk 00:28:17]} {[%emt 00:00:20]} Rxg3+ {[%clk 00:03:06]} 42. Kxg3
{[%clk 00:28:15]} {[%emt 00:00:12]} Kxh6 {[%clk 00:03:06]} 43. Rh8# {[%clk
00:28:15]} {[%emt 00:00:04]} 1-0

[Event "2024 National Middle School Championship"]
[Site "Atlanta, Georgia, United States"]
[Date "2024.05.10"]
[Round "1.8"]
[White "Kaidash, Platon"]
[Black "Paragua, Megan Althea"]
[Result "0-1"]
[TimeControl "G/90;d10"]
[WhiteElo "1729"]
[BlackElo "2198"]

1. e4 {[%clk 01:30:00]} {[%emt 00:00:02]} c5 {[%clk 01:30:00]} {[%emt
00:00:14]} 2. Nf3 {[%clk 01:29:55]} {[%emt 00:00:16]} e6 {[%clk 01:30:00]}
{[%emt 00:00:08]} 3. d4 {[%clk 01:29:55]} {[%emt 00:00:05]} cxd4 {[%clk
01:30:00]} {[%emt 00:00:04]} 4. Nxd4 {[%clk 01:29:52]} {[%emt 00:00:13]} Nf6
{[%clk 01:29:57]} {[%emt 00:00:13]} 5. Nc3 {[%clk 01:29:44]} {[%emt 00:00:19]}
Nc6 {[%clk 01:29:50]} {[%emt 00:00:17]} 6. Ndb5 {[%clk 01:29:28]} {[%emt
00:00:26]} Bb4 {[%clk 01:29:43]} {[%emt 00:00:17]} 7. Nd6+ {[%clk 01:28:58]}
{[%emt 00:00:40]} Ke7 {[%clk 01:29:41]} {[%emt 00:00:11]} 8. Nxc8+ {[%clk
01:28:03]} {[%emt 00:01:06]} Rxc8 {[%clk 01:29:41]} {[%emt 00:00:07]} 9. Bd3
{[%clk 01:27:53]} {[%emt 00:00:19]} d5 {[%clk 01:28:35]} {[%emt 00:01:16]} 10.
exd5 {[%clk 01:23:41]} {[%emt 00:04:22]} Qxd5 {[%clk 01:28:28]} {[%emt
00:00:16]} 11. O-O {[%clk 01:22:48]} {[%emt 00:01:03]} Qh5 {[%clk 01:28:28]}
{[%emt 00:00:07]} 12. Qxh5 {[%clk 01:21:56]} {[%emt 00:01:01]} Nxh5 {[%clk
01:28:26]} {[%emt 00:00:11]} 13. Bd2 {[%clk 01:16:18]} {[%emt 00:05:49]} Nf6
{[%clk 01:26:07]} {[%emt 00:02:29]} 14. a3 {[%clk 01:15:49]} {[%emt 00:00:40]}
Ba5 {[%emt 00:06:02]} 15. b4 {[%clk 01:11:48]} Bc7 {[%clk 01:22:16]} {[%emt
00:02:20]} 16. Rab1 {[%clk 00:59:23]} {[%emt 00:12:35]} Rhd8 {[%clk 01:16:19]}
{[%emt 00:06:06]} 17. Nb5 {[%clk 00:55:39]} {[%emt 00:03:55]} Bb6 {[%clk
01:14:13]} {[%emt 00:02:16]} 18. Bg5 {[%clk 00:51:13]} {[%emt 00:04:36]} Ne5
{[%clk 01:12:45]} {[%emt 00:01:37]} 19. a4 {[%clk 00:32:24]} {[%emt 00:19:00]}
Nxd3 {[%clk 00:58:42]} {[%emt 00:14:13]} 20. cxd3 {[%clk 00:32:21]} {[%emt
00:00:13]} Rxd3 {[%clk 00:56:03]} {[%emt 00:02:49]} 21. a5 {[%clk 00:31:46]}
{[%emt 00:00:45]} Rd5 {[%clk 00:52:14]} {[%emt 00:03:58]} 22. axb6 {[%clk
00:30:52]} {[%emt 00:01:05]} Rxb5 {[%clk 00:51:46]} {[%emt 00:00:38]} 23. bxa7
{[%clk 00:30:41]} {[%emt 00:00:21]} Rxg5 {[%emt 00:01:32]} 24. Rfc1 Ra8 {[%emt
00:00:09]} 25. Rc7+ Nd7 {[%emt 00:00:05]} 26. Rxb7 {[%emt 00:00:04]} Rd5 0-1

[Event "2024 National Middle School Championship"]
[Site "Atlanta, Georgia, United States"]
[Date "2024.05.10"]
[Round "1.9"]
[White "Wu, Andrew"]
[Black "Hong, Neal Thio"]
[Result "0-1"]
[TimeControl "G/90;d10"]
[WhiteElo "2185"]
[BlackElo "1729"]

1. e4 {[%clk 01:30:00]} {[%emt 00:00:07]} e6 {[%clk 01:30:00]} {[%emt
00:00:05]} 2. d4 {[%clk 01:29:55]} {[%emt 00:00:15]} d5 {[%clk 01:30:00]}
{[%emt 00:00:03]} 3. Bd3 {[%clk 01:29:31]} {[%emt 00:00:34]} Nf6 {[%clk
01:29:40]} {[%emt 00:00:31]} 4. e5 {[%clk 01:29:25]} {[%emt 00:00:17]} Nfd7
{[%clk 01:29:40]} {[%emt 00:00:05]} 5. Ne2 {[%clk 01:29:11]} {[%emt 00:00:24]}
c5 {[%clk 01:29:40]} {[%emt 00:00:07]} 6. c3 {[%clk 01:29:09]} {[%emt
00:00:12]} Nc6 {[%clk 01:29:40]} {[%emt 00:00:06]} 7. a3 {[%clk 01:28:55]}
{[%emt 00:00:24]} f6 {[%clk 01:29:07]} {[%emt 00:00:42]} 8. f4 {[%clk
01:27:43]} {[%emt 00:01:22]} fxe5 {[%clk 01:26:59]} {[%emt 00:02:18]} 9. fxe5
{[%clk 01:25:51]} {[%emt 00:02:02]} cxd4 {[%clk 01:24:31]} {[%emt 00:02:38]} 10.
cxd4 {[%clk 01:25:12]} {[%emt 00:00:49]} Qh4+ {[%clk 01:23:25]} {[%emt
00:01:16]} 11. g3 {[%clk 01:25:06]} {[%emt 00:00:17]} Qg4 {[%clk 01:22:51]}
{[%emt 00:00:44]} 12. Be3 {[%clk 01:10:56]} {[%emt 00:14:20]} Qf3 {[%clk
01:22:09]} {[%emt 00:00:52]} 13. Kd2 {[%clk 01:10:52]} {[%emt 00:00:14]} Nb6
{[%clk 01:22:09]} {[%emt 00:00:08]} 14. Rf1 {[%clk 01:10:32]} {[%emt 00:00:29]}
Qh5 {[%clk 01:21:54]} {[%emt 00:00:25]} 15. b3 {[%clk 01:06:36]} {[%emt
00:04:07]} Bd7 {[%clk 01:19:40]} {[%emt 00:02:24]} 16. Nbc3 {[%clk 00:54:28]}
{[%emt 00:12:17]} Na5 {[%clk 01:18:44]} {[%emt 00:01:06]} 17. Nb5 {[%clk
00:51:39]} {[%emt 00:02:59]} Kd8 {[%clk 01:17:27]} {[%emt 00:01:27]} 18. Nd6
{[%clk 00:41:01]} {[%emt 00:10:48]} Bxd6 {[%clk 01:17:12]} {[%emt 00:00:25]} 19.
exd6 {[%clk 00:41:01]} {[%emt 00:00:07]} Ba4 {[%clk 01:17:05]} {[%emt
00:00:18]} 20. bxa4 {[%clk 00:33:05]} {[%emt 00:08:05]} Nac4+ {[%clk 01:17:05]}
{[%emt 00:00:08]} 21. Bxc4 {[%clk 00:31:55]} {[%emt 00:01:21]} Nxc4+ {[%clk
01:16:58]} {[%emt 00:00:17]} 22. Ke1 {[%clk 00:31:55]} {[%emt 00:00:06]} Nxe3
{[%clk 01:16:52]} {[%emt 00:00:17]} 23. Qc1 {[%clk 00:29:55]} {[%emt 00:02:10]}
Nc4 {[%clk 01:14:04]} {[%emt 00:02:57]} 24. Nf4 {[%clk 00:28:31]} {[%emt
00:01:34]} Qxh2 {[%clk 01:12:29]} {[%emt 00:01:46]} 25. Qc3 {[%clk 00:24:46]}
{[%emt 00:03:55]} Re8 {[%clk 01:07:43]} {[%emt 00:04:56]} 26. Rb1 {[%clk
00:19:49]} {[%emt 00:05:08]} e5 {[%clk 01:07:16]} {[%emt 00:00:37]} 27. d7
{[%clk 00:18:56]} {[%emt 00:01:03]} Kxd7 {[%clk 01:06:23]} {[%emt 00:01:02]} 28.
Rxb7+ {[%clk 00:17:34]} {[%emt 00:01:31]} Kc6 {[%clk 01:05:16]} {[%emt
00:01:18]} 29. Rc7+ {[%clk 00:16:46]} {[%emt 00:00:59]} Kxc7 {[%clk 01:04:53]}
{[%emt 00:00:32]} 30. Nxd5+ {[%clk 00:16:46]} {[%emt 00:00:09]} Kd6 {[%clk
01:04:52]} {[%emt 00:00:11]} 31. Qb4+ {[%clk 00:15:51]} {[%emt 00:01:05]} Kxd5
{[%clk 00:53:34]} {[%emt 00:11:27]} 32. Qc5+ {[%clk 00:13:30]} {[%emt
00:02:32]} Ke4 {[%clk 00:52:20]} {[%emt 00:01:25]} 33. Qxc4 {[%clk 00:10:49]}
{[%emt 00:02:50]} Qxg3+ {[%clk 00:52:13]} {[%emt 00:00:17]} 34. Rf2 {[%clk
00:10:04]} {[%emt 00:00:57]} Rac8 {[%clk 00:51:03]} {[%emt 00:01:20]} 0-1